00587nam a2200169Ia 4500008004100000020001800041041001200059082001600071100001700087245005800104260004400162300000800206650001500214942000700229999001300236952016800249221030s9999 xx 000 0 und d a10:019567698X aEnglish a105.23bRat aS. Ratcliffe 0aOxford Quotations & Proverbs Vol. IIcby S. Ratcliffe bOxfor University PressaNew Delhic2006 a373 aDictionary cBK c474d474 pBE 9090g167.00hIIl0o105.23 Ratr2024-06-13 00:00:00w2022-10-30yBK003Print40718RaMIETLIBbMIETLIBcBL-Second, FL-1, CUP-23, SH-3, R-3d2006-12-3010HBE